Administración y empleo público en España / (Record no. 179213)

MARC details
000 -LEADER
campo de control de longitud fija 01497nam a2200337 i 4500
001 - NÚMERO DE CONTROL
campo de control 179213
003 - IDENTIFICADOR DE NÚMERO DE CONTROL
campo de control ES-MaACL
005 - FECHA Y HORA DE LA ÚLTIMA TRANSACCIÓN
campo de control 20250603171334.0
008 - DATOS DE LONGITUD FIJA--INFORMACIÓN GENERAL
campo de control de longitud fija 111006s2011 sp |||| | spa d
020 ## - NÚMERO INTERNACIONAL ESTÁNDAR DEL LIBRO
Número Internacional Estándar del Libro 978-84-88282-94-1
080 ## - NÚMERO DE LA CLASIFICACIÓN DECIMAL UNIVERSAL
Número de la Clasificación Decimal Universal 35(460)
100 1# - ENTRADA PRINCIPAL--NOMBRE DE PERSONA
Nombre de persona Álvarez Rico, Manuel.
9 (RLIN) 20933
245 10 - MENCIÓN DEL TÍTULO
Título Administración y empleo público en España /
Mención de responsabilidad, etc. Manuel Álvarez Rico, Vicente María González-Haba Guisado, Enrique Orduña Prada.
260 ## - PUBLICACIÓN, DISTRIBUCIÓN, ETC.
Lugar de publicación, distribución, etc. Granada :
Nombre del editor, distribuidor, etc. CEMCi,
Fecha de publicación, distribución, etc. 2011.
300 ## - DESCRIPCIÓN FÍSICA
Extensión 563 p. ;
Dimensiones 24 cm.
490 1# - MENCIÓN DE SERIE
Mención de serie Análisis y comentarios ;
Designación de volumen o secuencia 34
504 ## - NOTA DE BIBLIOGRAFÍA, ETC.
Nota de bibliografía, etc. Bibliografía: p. 547-563.
520 ## - RESUMEN, ETC.
Sumario, etc. 1. Introducción. 2. La administracón como organización. 3. Burocracia y empleo público. 4. La administración y las nuevas tecnologías.
650 #4 - PUNTO DE ACCESO ADICIONAL DE MATERIA--TÉRMINO DE MATERIA
Término de materia o nombre geográfico como elemento de entrada Internet en la administración pública.
9 (RLIN) 143243
651 #7 - PUNTO DE ACCESO ADICIONAL DE MATERIA--NOMBRE GEOGRÁFICO
Nombre geográfico España-
Subdivisión general Administración
Fuente del encabezamiento o término
9 (RLIN) 148152
651 #4 - PUNTO DE ACCESO ADICIONAL DE MATERIA--NOMBRE GEOGRÁFICO
Nombre geográfico España-
Subdivisión general Administración-
-- Personal.
9 (RLIN) 148157
700 1# - ENTRADA AGREGADA--NOMBRE PERSONAL
Nombre de persona González-Haba Guisado, Vicente María.
9 (RLIN) 58698
700 1# - ENTRADA AGREGADA--NOMBRE PERSONAL
Nombre de persona Orduña Prada, Enrique.
9 (RLIN) 148153
710 2# - ENTRADA AGREGADA--NOMBRE DE ENTIDAD CORPORATIVA
Nombre de entidad corporativa o nombre de jurisdicción como elemento de entrada Centro de Estudios Municipales y de Cooperación Internacional.
9 (RLIN) 148159
830 0# - PUNTO DE ACCESO ADICIONAL DE SERIE-TÍTULO UNIFORME
Título uniforme Análisis y comentarios ;
Designación de volumen o secuencia 34
9 (RLIN) 224426
852 ## - LOCALIZACIÓN
Ubicación ES-MaACL
itemnumber 186091
Sublocalización o colección R.147198
Número de control de estantería A-11653
Signatura antigua Olim: N-4658
Nota libre Dedicatoria autógrafa de Manuel Álvarez Rico
Encuadernación Donación: del autor
Ubicación en estantería Depósito 1
903 ## - NOMBRE PERSONAL DE DONANTE
9 20933
a Álvarez Rico, Manuel
e Donante
942 ## - ELEMENTOS DE ENTRADA SECUNDARIOS (KOHA)
Fuente del sistema de clasificación o colocación Clasificación decimal universal
Tipo de ítem Koha Libro impreso
Holdings
Estatus retirado Estado de pérdida Fuente del sistema de clasificación o colocación Estado de daño No para préstamo Colección Biblioteca de origen Biblioteca actual Ubicación en estantería Fecha de adquisición Fuente de adquisición Número de control de estantería Total de préstamos Signatura topográfica completa Código de barras Visto por última vez Precio de reemplazo Tipo de ítem Koha Nota pública
    Clasificación decimal universal     Libros con dedicatorias Biblioteca del Ateneo de Madrid Biblioteca del Ateneo de Madrid Depósito 1 06/10/2011 Donación 1   A-11653 1188261 23/02/2023 23/02/2023 Libro impreso Dedicatoria autógrafa del autor